Kernel Two : Teacher's Book /
Guardat en:
| Autor principal: | |
|---|---|
| Format: | Sách giấy |
| Idioma: | English |
| Publicat: |
London :
Longman ,
1982
|
| Etiquetes: |
Afegir etiqueta
Sense etiquetes, Sigues el primer a etiquetar aquest registre!
|
| Thư viện lưu trữ: | Thư viện Trường Đại học Đà Lạt |
|---|
| LEADER | 00543nam a2200241 4500 | ||
|---|---|---|---|
| 001 | DLU020016382 | ||
| 005 | ##11/21/2000 | ||
| 020 | # | # | |a 978- |
| 041 | # | # | |a eng |
| 082 | # | # | |a 428.007 |b ON-R |
| 100 | # | # | |a O'neill, Robert |
| 245 | # | # | |a Kernel Two : |b Teacher's Book / |c Robert O'Neill |
| 260 | # | # | |a London : |b Longman , |c 1982 |
| 300 | # | # | |a 123 tr.; |c 28 cm. |
| 992 | # | # | |a 5000 |
| 994 | # | # | |a DLU |
| 900 | # | # | |a False |
| 911 | # | # | |a Administrator |
| 925 | # | # | |a G |
| 926 | # | # | |a A |
| 927 | # | # | |a SH |
| 980 | # | # | |a Thư viện Trường Đại học Đà Lạt |